000
00295nam a22001337a 4500
008
171101b xxu||||| |||| 00| 0 eng d
020
_a
0804718121
041
_a
eng
080
_a
339
100
_a
59
101
_a
TRE
245
_a
BETWEEN MITI AND THE MARKET
_c
OKIMOTO,D.I
942
_2
udc
_c
BK
999
_c
37046
_d
37046